000 00579nam a2200217Ia 4500
005 20230118111101.0
008 131103s9999 xx 000 0 und d
020 _cRs.10
040 _aLoreto College
041 _aEnglish
082 _a954
_bSAR
100 _aSarkar,Sir Jadunath
245 _aMilitary history of India
_cJadunath Sarkar
260 _aBombay
_bOrient Longmans
_c1960
300 _a179 p.
504 _aIncludes index and bibliographical references
650 _amilitary History of India
651 _aIndian History
850 _aLCLIB
942 _cBK
999 _c8958
_d59437